[Event "GBR-ch 109th"]
[Site "Leicester"]
[Date "2023.07.27"]
[Round "6"]
[White "Chan, Sheng Liang Bernard"]
[Black "Koiza, Peter"]
[Result "1/2-1/2"]
[WhiteElo "2078"]
[BlackElo "1963"]
[PlyCount "82"]
[EventDate "2023.07.22"]
[EventType "swiss"]
[EventRounds "9"]
[EventCountry "ENG"]
[SourceTitle "CBM 215 Extra"]
[Source "ChessBase"]
[SourceDate "2023.09.30"]
[SourceVersion "1"]
[SourceVersionDate "2023.09.30"]
[SourceQuality "1"]

1. d4 Nf6 2. c4 e6 3. Nf3 Bb4+ 4. Bd2 c5 5. e3 b6 6. Bd3 Bb7 7. Bxb4 cxb4 8. Nbd2 a5 9. e4 d6 10. 0-0 0-0 11. a3 Na6 12. Qe2 e5 13. c5 bxc5 14. dxe5 dxe5 15. Nxe5 Re8 16. Ndf3 Qc7 17. Rad1 Rxe5 18. Nxe5 Qxe5 19. f4 Qd4+ 20. Kh1 c4 21. Bb1 Qc5 22. e5 Re8 23. Rfe1 Nd5 24. Qe4 g6 25. f5 Nc3 26. Qxb7 Nxd1 27. Rxd1 Qxe5 28. h3 Nc5 29. Qf3 Qxb2 30. fxg6 hxg6 31. Rf1 Qg7 32. axb4 axb4 33. Qd5 Ne6 34. Qxc4 Qd4 35. Qc6 Re7 36. Ba2 Qc3 37. Qd6 Qc5 38. Qg3 Qc3 39. Qd6 Qc5 40. Qg3 Qa7 41. Bb3 Qd4 1/2-1/2

[Event "London Mill Hill op U2400"]
[Site "London"]
[Date "2022.03.27"]
[Round "4"]
[White "Koiza, Peter"]
[Black "Kumar, Sanjit S"]
[Result "1-0"]
[WhiteElo "1879"]
[BlackElo "1769"]
[PlyCount "61"]
[EventDate "2022.03.26"]
[EventType "swiss"]
[EventRounds "5"]
[EventCountry "ENG"]
[SourceTitle "EXT 2024"]
[Source "ChessBase"]
[SourceDate "2023.10.10"]
[SourceVersion "1"]
[SourceVersionDate "2023.10.10"]
[SourceQuality "1"]

1. c4 e6 2. g3 Nf6 3. Bg2 d5 4. d4 Be7 5. Nf3 0-0 6. 0-0 b6 7. Nc3 Bb7 8. cxd5 exd5 9. Nh4 Ne4 10. Nf5 Bf6 11. Nxe4 dxe4 12. Qc2 Re8 13. Bf4 Nc6 14. Rfd1 Qc8 15. Bh3 Kh8 16. Kg2 Qd8 17. d5 Nb4 18. Qxc7 Qxc7 19. Bxc7 Nxd5 20. Nd6 Nxc7 21. Nxb7 Bxb2 22. Rab1 Be5 23. Bf5 Rab8 24. Bxe4 Bxg3 25. Bc6 Re6 26. Nd8 Rxe2 27. hxg3 Rxa2 28. Nxf7+ Kg8 29. Rd7 Rc2 30. Rxc7 Rf8 31. Rd1 1-0

[Event "London Mill Hill op U2400"]
[Site "London"]
[Date "2022.03.26"]
[Round "2"]
[White "Koiza, Peter"]
[Black "Patel, Zain"]
[Result "1-0"]
[WhiteElo "1879"]
[BlackElo "1531"]
[PlyCount "97"]
[EventDate "2022.03.26"]
[EventType "swiss"]
[EventRounds "5"]
[EventCountry "ENG"]
[SourceTitle "EXT 2024"]
[Source "ChessBase"]
[SourceDate "2023.10.10"]
[SourceVersion "1"]
[SourceVersionDate "2023.10.10"]
[SourceQuality "1"]

1. c4 Nf6 2. Nf3 g6 3. Nc3 Bg7 4. d4 0-0 5. e4 d6 6. h3 Nbd7 7. Be3 e5 8. d5 Nc5 9. Nd2 a5 10. g4 c6 11. Be2 Ne8 12. h4 f5 13. g5 f4 14. Bxc5 dxc5 15. Rg1 Nd6 16. a4 Qb6 17. Qc2 Bd7 18. h5 Rf7 19. h6 Bh8 20. Bg4 Bxg4 21. Rxg4 Raf8 22. 0-0-0 Qd8 23. Nb3 Nxc4 24. Qe2 Qc8 25. Rgg1 Nb6 26. d6 Nd7 27. Nxa5 Qa8 28. Nb3 Qa7 29. a5 c4 30. Nd2 Nc5 31. Qxc4 Qxa5 32. Nb3 Nxb3+ 33. Qxb3 Rd8 34. Rd2 Qa1+ 35. Nb1 Rdd7 36. Rgd1 Qa8 37. Qb6 Qe8 38. Na3 Qe6 39. f3 Rf8 40. Kc2 Ra8 41. Qb3 Qxb3+ 42. Kxb3 b5 43. Rc1 Ra6 44. Kb4 Kf7 45. Kc5 Ke6 46. Nc2 Rda7 47. Nb4 Ra1 48. Rxa1 Rxa1 49. d7 1-0

[Event "ENG Terafinal Challengers-A"]
[Site "Daventry"]
[Date "2017.08.13"]
[Round "6"]
[White "Koiza, Peter"]
[Black "Davidson, Laura"]
[Result "1/2-1/2"]
[WhiteElo "162"]
[BlackElo "143"]
[PlyCount "22"]
[EventDate "2017.08.12"]
[EventType "swiss"]
[EventRounds "6"]
[EventCountry "ENG"]
[SourceTitle "CBM 179 Extra"]
[Source "ChessBase"]
[SourceDate "2017.08.23"]
[SourceVersion "1"]
[SourceVersionDate "2017.08.23"]
[SourceQuality "1"]

1. d4 Nf6 2. Bf4 e6 3. e3 c5 4. Nf3 Qb6 5. Nc3 Qxb2 6. Nb5 Nd5 7. a3 a6 8. Rb1 Qa2 9. Ra1 Qb2 10. Rb1 Qa2 11. Ra1 Qb2 1/2-1/2